Регионална библиотека "Любен Каравелов" - Русе

Домашен бит и техника за ІІІ клас (Запис номер 175808)

MARC детайли
000 -Лидер
Контролно поле с фиксирана дължина 02271nam a2200421 c 4500
003 - Код на организацията, давaща контролен номер
Контролно поле BLK
005 - Дата и час на последна редакция
Контролно поле 20200224172620.0
008 - Елементи от данни с фиксирана дължина
fixed length control field 180411b bul|||||r ||||||| ||bul||
010 ## - Наследен системен номер
LC control number KNG00184406000
020 ## - Международен стандартен номер на книга ISBN
Международен стандартен номер на книга ISBN 978-954-9412-44-4
-- издат.: Бит и техника
040 ## - Източник на каталожния запис
Идентификатор на билиотеката - собственик на записа BLK
041 ## - Код за език
Код за езика на текст/звукозапис или на отделно заглавие Български
Код за езика КДБФ Български
072 #7 - Код за тематичната категория
Код организация bullib
Код за тематична категория Н372
Текст Учебни предмети. Учебници Н
080 ## - УДК
Текстов определител УДК Специално обучение като елемент на общообразователното обучение - Обучение по техника, домакинство, селско стопанство и др.
УДК код - определител по УДК 373.6
УДК определител (075.2)
УДК - код + определител 373.6(075.2)
100 1# - Редна дума - Автор
Автор Николова, Тодорка Николова
Авторска отговорност първи автор
R(LIN) 364727
139 ## - Редно поле
Редна дума Домашен бит и техника за ІІІ клас
Авторски знак Дом - Д 76
245 10 - Сведения за заглавието
Заглавие Домашен бит и техника за ІІІ клас
Редно поле (дума) Тодорка Николова Николова; худож. Живко Иванов Рухов; * Силвия Маркова Гърневска; * Светла Костова Ананиева; * Валентин Георгиев Ананиев.
250 ## - Област на изданието
Сведения за изданието 3. изд.
257 ## - Страна на издаване
Страна на създаване/издаване България
260 ## - Област на издателските данни
-- Варна
Име на издателя, разпространителя и проч. Бит и техника
Година на издаване 2014
300 ## - Физическа характеристика
Страници 40 с.
Илюстрации и др. с цв. ил.
Размери/Мащаб 29 см
380 ## - Жанр
Жанр Обществени науки
500 ## - Общи забележки
Забележка В кн. погрешно означено 2. изд. - 1. изд. 2004. - Други авт. С. М. Гърневска, Св. К. Ананиева, В. Г. Ананиев.
650 #4 - Допълнително описание по предмет – тема
Основно описание – тема или топоним Трудово обучение - учебници за основни училища
9 (RLIN) 246771
653 ## - Ключова дума – ненормативна
Ключова дума трудово обучение
653 ## - Ключова дума – ненормативна
Ключова дума ІІІ кл.
653 ## - Ключова дума – ненормативна
Ключова дума учебници за основни училища
659 ## - Тематичен бюлетин
Тематичен бюлетин Н
700 1# - Други автори (авторска отговорност)
Лично име Рухов, Живко Иванов
Автороска отговорност (Описва отношението между автора и произведението) худож.
9 (RLIN) 117895
700 1# - Други автори (авторска отговорност)
Лично име Гърневска, Силвия Маркова
Автороска отговорност (Описва отношението между автора и произведението) *
9 (RLIN) 303701
700 1# - Други автори (авторска отговорност)
Лично име Ананиева, Светла Костова
Автороска отговорност (Описва отношението между автора и произведението) *
9 (RLIN) 373498
700 1# - Други автори (авторска отговорност)
Лично име Ананиев, Валентин Георгиев
Автороска отговорност (Описва отношението между автора и произведението) *
9 (RLIN) 373497
852 ## - Местоположение
Форматна сигнатура Цб ІІ 21054
856 4# - Електронен адрес и достъп
Електронен формат pdf - файл
Път до файла /url/
856 4# - Електронен адрес и достъп
Електронен формат pdf - файл
Път до файла /url/
942 ## - АРТИКУЛИ
Вид на библиотечния материал Книги
Скрит в OPAC Не
Koha issues (borrowed), all copies 3
944 ## - СЪЗДАВАНЕ И РЕДАКЦИЯ на ЗАПИСА
Създаване/Редакция Създаване
Дата на регистрацията/редакция 02.11.2015
Статус, дата на статуса ф /
Служител, извършил регистрацията/редакцията Виолета_Тройчева
944 ## - СЪЗДАВАНЕ И РЕДАКЦИЯ на ЗАПИСА
Създаване/Редакция Редакция
Дата на регистрацията/редакция 25.11.2015
Статус, дата на статуса ф /
Служител, извършил регистрацията/редакцията Людмила_Стоянова
999 ## - СИСТЕМНИ КОНТРОЛНИ НОМЕРА
Koha biblionumber 175808
Koha biblioitemnumber 175808
Наличности
Код за отписване Код за изгубен артикул Източник на класификационната схема Код за повреда Коз за рестрикции Код за отдаване Артикулен № Име на библиотеката - собственик Име на библиотеката, в която се намира в момента Статус (Текущо местоположение) Дата на вписване в системата Местоположение - отдел Цена в лева Инвентарен номер Систематично азбучна сигнатура Баркод Номер на екземпляра Цена в евро Служебна бележка Служебен тип на артикула
  Не е изгубен Universal Decimal Classification Не е повреден без рестрикции заемане за дома 302789 Регионална библиотека "Любен Каравелов" Русе Регионална библиотека "Любен Каравелов" Русе Детски отдел 2015-11-05 Детски отдел 6.00 120000794308 ДН 373.3.016/Д 76 120000794308 1 3.07 Дост: DA Вид: А N: 21 Дата: 05.11.2015 Книги
Vip Innovations Ltd, Rousse, Bulgaria 2025